Statistics for Countries Closest to Denmark

Click here to take the quiz!

General Stats

  • This quiz has been taken 1,495 times
    (1,421 since last reset)
  • The average score is 19 of 22

Answer Stats

km country miles % Correct
0Germany0
99%
4Sweden2
99%
110Norway68
98%
516United Kingdom320
97%
94Poland59
95%
200Netherlands124
95%
612Finland380
93%
450Belgium280
92%
587France365
92%
523Estonia325
89%
296Russia184
89%
385Latvia239
88%
555Luxembourg345
86%
368Lithuania229
86%
651Austria405
86%
781Switzerland485
84%
285Iceland177
78%
421Czechia251
77%
554Belarus344
74%
656Slovakia408
74%
678Ukraine421
60%
26Canada16
59%

Score Distribution

Percentile by Number Answered

Percent of People with Each Score

Your Score History

You have not taken this quiz since the last reset